Normal view
MARC view
Entry Personal Name
001 - CONTROL NUMBER
- control field: 1238291
003 - CONTROL NUMBER IDENTIFIER
- control field: OSt
005 - DATE AND TIME OF LATEST TRANSACTION
- control field: 20260430150722.0
008 - FIXED-LENGTH DATA ELEMENTS
- fixed length control field: 260430|| aca||aabn | a|a d
040 ## - CATALOGING SOURCE
- Original cataloging agency: OSt
- Transcribing agency: OSt
100 ## - HEADING--PERSONAL NAME
- Personal name: Khanam Atiya Au.; Iffat Zarrin Gu
670 ## - SOURCE DATA FOUND
- Source citation: Work cat.: (OSt)1850461: Khanam Atiya Au.; Iffat Zarrin Gu., Naye Urdu afsane (1980 ke baad) ki zuban mein hone wali tabdiliyon ka tanqeedi jayeza, 2024
